| 000 | 01408nam0a22003251 4500 | ||
|---|---|---|---|
| 001 | v19\rc\1591442 | ||
| 005 | 20250619051340.0 | ||
| 035 | _a(NLR Aleph) 004836565 | ||
| 090 |
_a4777499 _c4777499 |
||
| 100 | _a20061002d1895 |||y0rusy50 ca | ||
| 101 | 1 |
_arus _cger |
|
| 102 | _aRU | ||
| 105 | _ay z |||a| | ||
| 200 | 1 |
_aАрриа и Мессалина _eТрагедия в 5 д. (6 карт.) _eПосвящено М.А. Саблиной-Дольской _fСоч. А. Вильдебранта [!] _gПер. в стихах А.[!Л.]Ф. Яковлева |
|
| 210 |
_aМосква _cТеатр. б-ка С.И. Напойкина _dценз. 1895 |
||
| 215 |
_a120 с. _d23 |
||
| 309 | _aНаписано от руки. Литогр. | ||
| 700 | 1 |
_9z01790 _aВильбрандт _bА. _f1837-1911 _gАдольф |
|
| 702 | 1 |
_9z02790 _aЯковлев _bЛ.Ф. _gЛеонард Фомич _4730 |
|
| 702 | 1 |
_9z03790 _aСаблина-Дольская _bМ.А. _f1867-1942 _gМария Алексеевна _4280 |
|
| 790 | 1 |
_9z01700 _aВильдебрант _bА. _f1837-1911 _gАдольф |
|
| 790 | 1 |
_9z02702 _aЯковлев _bА.Ф. |
|
| 790 | 1 |
_9z03702 _aДольская _bМ.А. _f1867-1942 _gМария Алексеевна |
|
| 801 | 0 |
_aRU _bNLR _gpsbo |
|
| 801 | 0 |
_aRU _bRuMoRGB _2psbo |
|
| 801 | 1 |
_aRU _bProSoft-M _2rusmarc |
|
| 852 |
_aNLR _j18.268.4.99 |
||
| 899 |
_aRuMoRGB _jA 212/750 |
||
| 942 | _cBOOK | ||
| 980 | _aNB | ||